|
|
|
|
| LEADER |
01172nam a22002772a 4500 |
| 001 |
000700540 |
| 003 |
CZ BrMZK |
| 005 |
20120106205155.0 |
| 007 |
ta |
| 008 |
031216s1984 xr a f 000 m cze d |
| 040 |
|
|
|a ABA001
|b cze
|d BOA001
|d ABA001
|
| 080 |
|
|
|a 669.14:620.193
|2 MRF
|
| 100 |
1 |
|
|a Číhal, Vladimír,
|d 1929-
|7 jk01021817
|4 aut
|
| 245 |
1 |
0 |
|a Mezikrystalová koroze ocelí a slitin :
|b vysokoškolská příručka pro vysoké školy technické /
|c Vladimír Číhal
|
| 250 |
|
|
|a 3., přeprac a dopln. vyd.
|
| 260 |
|
|
|a Praha :
|b SNTL,
|c 1984
|
| 300 |
|
|
|a 355 s. :
|b obr., fot., grafy ;
|c 24 cm +
|e 5 oboustranných tb. růz. formátů
|
| 500 |
|
|
|a 2000 výt
|
| 500 |
|
|
|a Obálka a vazba Jan Kalousek
|
| 504 |
|
|
|a Obsahuje bibliografii a poznámky
|
| 910 |
|
|
|a BOA001
|b TK-0194.311-84
|b 2-0788.646-84
|
| 920 |
|
|
|a 000178978
|
| 990 |
|
|
|a BK
|
| 996 |
6 |
|
|b 2619730646
|c 2-0788.646-84
|l MZK
|r Sklad / do 1 hodiny
|n 25
|w 000700540
|u 000030
|a 1
|e BOA001
|j MZK50
|s P
|
| 996 |
7 |
|
|b 2629942757
|c TK-0194.311-84
|l MZK
|r Sklad / do 24 hodin
|n 8
|w 000700540
|u 000010
|a 1
|e BOA001
|j MZK50
|s A
|
| 996 |
7 |
|
|b 2629942842
|c TK-0194.311-84
|l MZK
|r Sklad / do 24 hodin
|n 4
|w 000700540
|u 000020
|a 1
|e BOA001
|j MZK50
|s A
|